Textbook of pharmacoepidemiology / (Record no. 5985)
[ view plain ]
| 000 -LEADER | |
|---|---|
| fixed length control field | 01136cam a2200313 a 4500 |
| 001 - CONTROL NUMBER | |
| control field | 17604273 |
| 003 - CONTROL NUMBER IDENTIFIER | |
| control field | OSt |
| 005 - DATE AND TIME OF LATEST TRANSACTION | |
| control field | 20180205171252.0 |
| 008 - FIXED-LENGTH DATA ELEMENTS--GENERAL INFORMATION | |
| fixed length control field | 130123s2013 enk b 001 0 eng |
| 010 ## - LIBRARY OF CONGRESS CONTROL NUMBER | |
| LC control number | 2013002833 |
| 020 ## - INTERNATIONAL STANDARD BOOK NUMBER | |
| International Standard Book Number | 0415196460 |
| 035 ## - SYSTEM CONTROL NUMBER | |
| System control number | (DNLM)101600376 |
| 040 ## - CATALOGING SOURCE | |
| Original cataloging agency | DNLM/DLC |
| Transcribing agency | DLC |
| Modifying agency | DLC |
| 042 ## - AUTHENTICATION CODE | |
| Authentication code | pcc |
| 082 ## - DEWEY DECIMAL CLASSIFICATION NUMBER | |
| Classification number | QZ 42 |
| Item number | S87p 2011 |
| 245 00 - TITLE STATEMENT | |
| Title | Textbook of pharmacoepidemiology / |
| Statement of responsibility, etc. | edited by Brian L. Strom, Stephen E. Kimmel. |
| 250 ## - EDITION STATEMENT | |
| Edition statement | 5th.ed. |
| 260 ## - PUBLICATION, DISTRIBUTION, ETC. (IMPRINT) | |
| Place of publication, distribution, etc. | Chichester, West Sussex [England] ; |
| Name of publisher, distributor, etc. | Wiley Blackwell, |
| Date of publication, distribution, etc. | 2011. |
| 300 ## - PHYSICAL DESCRIPTION | |
| Extent | xvii, 498 pages ; |
| Dimensions | 25 cm |
| Other physical details | ill: |
| 504 ## - BIBLIOGRAPHY, ETC. NOTE | |
| Bibliography, etc | Includes bibliographical references and index. |
| 650 12 - SUBJECT ADDED ENTRY--TOPICAL TERM | |
| Topical term or geographic name as entry element | Pharmacoepidemiology |
| General subdivision | methods. |
| 9 (RLIN) | 2960 |
| 700 1# - ADDED ENTRY--PERSONAL NAME | |
| Personal name | Strom, Brian L. |
| 9 (RLIN) | 2961 |
| 700 1# - ADDED ENTRY--PERSONAL NAME | |
| Personal name | Kimmel, Stephen E. |
| 9 (RLIN) | 12416 |
| 730 0# - ADDED ENTRY--UNIFORM TITLE | |
| Uniform title | Pharmacoepidemiology. |
| 9 (RLIN) | 12417 |
| 776 08 - ADDITIONAL PHYSICAL FORM ENTRY | |
| Relationship information | Online version: |
| Title | Textbook of pharmacoepidemiology |
| Edition | 2nd ed. |
| Place, publisher, and date of publication | Chichester, West Sussex : John Wiley & Sons, 2013 |
| International Standard Book Number | 9781118344835 |
| Record control number | (DLC) 2013003805 |
| 906 ## - LOCAL DATA ELEMENT F, LDF (RLIN) | |
| a | 7 |
| b | cbc |
| c | orignew |
| d | 1 |
| e | ecip |
| f | 20 |
| g | y-gencatlg |
| 942 ## - ADDED ENTRY ELEMENTS (KOHA) | |
| Source of classification or shelving scheme | Other/Generic Classification Scheme |
| Koha item type | Short Loan |
| Withdrawn status | Lost status | Source of classification or shelving scheme | Damaged status | Not for loan | Home library | Current library | Date acquired | Source of acquisition | Inventory number | Total Checkouts | Full call number | Barcode | Date last seen | Price effective from | Koha item type |
|---|---|---|---|---|---|---|---|---|---|---|---|---|---|---|---|
| Other/Generic Classification Scheme | MUST Main Library | MUST Main Library | 05/02/2018 | 2017/40525 | QZ 42 S87p 2011 | 2018-0075 | 05/02/2018 | 05/02/2018 | Short Loan |
